Word Ladder: Screen Queens Quiz Stats

 Plays Quiz Updated Sep 12, 2015

Challenge
Share
Tweet
Embed
Score 0/30 Timer 04:00
1 Play Today
Hint 4-Letter Word % Correct
'Titanic' leading lady, ____ WinsletKATE
98%
'Wizard of Oz' actress, ____ GarlandJUDY
95.7%
___ ColadaPIÑA
95.7%
Hair found on horses & lionsMANE
95.5%
Fonda, Wyman or SeymourJANE
95%
Italian city & tower name sakePISA
93.7%
An evergreenPINE
92.9%
Daughter of 'Wizard of Oz' actress, ____ MinnelliLIZA
92.9%
Katharine Hepburn portrayer, ____ BlanchettCATE
92.7%
A partner or spouseMATE
92.5%
Salad material & cabbage like plantKALE
91.9%
Wife of Johnny CashJUNE
91.1%
Fancy occasion that stars attendGALA
90.4%
A star of 'Romy & Michelle's High School Reunion'LISA
90%
To vomitPUKE
89.7%
Hint 4-Letter Word % Correct
Book of the BibleJUDE
89%
Body of verdict renderersJURY
88.5%
Tyler Moore or Steenburgen MARY
88.5%
Disputed Middle-Eastern regionGAZA
88.3%
Egyptian city & pyramid namesakeGIZA
88.3%
Surname of heroine from 'The Wizard of Oz'GALE
88.1%
A large number MANY
88%
Bond Girl & 'Gone Girl' actress, Rosamund ____PIKE
86.9%
UnadulteratedPURE
82.6%
'Brat Pack' alum actress, ____ WinninghamMARE
75.3%
Surname of actresses Rooney & KateMARA
65.7%
A wet, boggy & swampy areaMIRE
63.1%
InterBURY
55.7%
Pavel or Valeri of the NHLBURE
54.5%
A star of 'Romy & Michelle's High School Reunion'MIRA
54%

Today's Daily Dose

You're not logged in!

Compare scores with friends on all Sporcle quizzes.
Join for Free
OR
Log In

You Might Also Like...

Show Comments

Extras

Top Quizzes Today


Score Distribution

Your Account Isn't Verified!

In order to create a playlist on Sporcle, you need to verify the email address you used during registration. Go to your Sporcle Settings to finish the process.

Report this User

Report this user for behavior that violates our Community Guidelines.

Details: